logo

Bir Sreshtho Munshi Abdur Rouf Library
Jhenaidah Cadet College

A golden age : (Record no. 5971)

MARC details
000 -LEADER
fixed length control field 00753cam a2200253 a 4500
001 - CONTROL NUMBER
JCCL Control Number 5971
003 - CONTROL NUMBER IDENTIFIER
JCCL marc code BD-JhCC
005 - DATE AND TIME OF LATEST TRANSACTION
control field 20221018134024.0
008 - FIXED-LENGTH DATA ELEMENTS--GENERAL INFORMATION
fixed length control field 080609s1894 enkaf 000 1 eng d
035 ## - SYSTEM CONTROL NUMBER
system control number (BD-JhCC)
040 ## - CATALOGING SOURCE
Original cataloging agency BD-JhCC
Modifying agency BD-JhCC
041 ## - LANGUAGE CODE
Language code of Book eng
082 ## - DEWEY DECIMAL CLASSIFICATION NUMBER
Classification number 891.443
Author mark and Year ANA 2007
100 1# - MAIN ENTRY--PERSONAL NAME
Personal name Anam, Tahmima
245 12 - TITLE STATEMENT
Title A golden age :
Remainder of title a story of four merry children /
Statement of responsibility, etc Tahmima Anam
260 ## - PUBLICATION, DISTRIBUTION, ETC. (IMPRINT)
Place of publication, distribution, etc London ;
-- Glasgow ;
-- Edinburgh ;
-- Dublin :
Name of publisher, distributor, etc Blackie & Son, Limited,
Date of publication, distribution, etc [1894?]
300 ## - PHYSICAL DESCRIPTION
Pagination 276p. :
Dimensions 24 cm.
500 ## - GENERAL NOTE
General note 32 p. of publisher's catalogue of books for young people at the end.
500 ## - GENERAL NOTE
General note Fiction.
650 ## - SUBJECT ADDED ENTRY--TOPICAL TERM
Topical term or geographic name as entry element Historical Novel
700 1# - ADDED ENTRY--PERSONAL NAME
Personal name Browne, Gordon,
Dates associated with a name 1858-1932.
942 ## - ADDED ENTRY ELEMENTS (KOHA)
Source of classification or shelving scheme Dewey Decimal Classification
Koha item type Books
Koha issues (borrowed), all copies 5
Holdings
Source of classification or shelving scheme Damaged status Not for loan Home library Current library Shelving location Date of accession Total Checkouts Full call number Barcode Date last seen Date checked out Copy number Koha item type
Dewey Decimal Classification     JCC Rouf Library JCC Rouf Library General Stacks 12/31/2017 4 891.443 ANA 2007 8208 09/20/2023 09/18/2023 C - 1 Books

JCC Library | Contacts | JCC Home

Last Update on 23 September 2017
Copyright @ 2017-2020 JCC Rouf Library
Rouf Library, Jhenidah Cadet College (JCC), Bangladesh